Normal view MARC view
  • VOS,PAUL DE., GARRITY, GEORGE M.,JONES, DOROTHY AND OTHERS

Entry Personal Name

Number of records used in: 1

001 - CONTROL NUMBER

  • control field: 7583

003 - CONTROL NUMBER IDENTIFIER

  • control field: JRU

005 - DATE AND TIME OF LATEST TRANSACTION

  • control field: 20230331164523.0

008 - FIXED-LENGTH DATA ELEMENTS

  • fixed length control field: 230331|| aca||aabn | a|a d

040 ## - CATALOGING SOURCE

  • Original cataloging agency: JRU
  • Transcribing agency: JRU

100 ## - HEADING--PERSONAL NAME

  • Personal name: VOS,PAUL DE., GARRITY, GEORGE M.,JONES, DOROTHY AND OTHERS

670 ## - SOURCE DATA FOUND

  • Source citation: Work cat.: (JRU)8262: VOS,PAUL DE., GARRITY, GEORGE M.,JONES, DOROTHY AND OTHERS , BERGEY'S MANUAL OF SYSTEMATIC BACTERIOLOGY VOL-3 -THE FIRMICUTE